[Event "Osijek-Baranja op U16 15th"]
[Site "Nasice"]
[Date "2014.01.12"]
[Round "9.6"]
[White "Samac, Luka"]
[Black "Dugic, Nebojsa"]
[Result "0-1"]
[WhiteElo "1624"]
[BlackElo "1646"]
[PlyCount "65"]
[EventDate "2014.01.10"]
[EventType "swiss"]
[EventRounds "9"]
[EventCountry "CRO"]
[SourceTitle "EXT 2023"]
[Source "ChessBase"]
[SourceDate "2022.10.05"]
[SourceVersion "1"]
[SourceVersionDate "2022.10.05"]
[SourceQuality "1"]

1. e4 d6 2. Nf3 Nf6 3. Nc3 g6 4. Bc4 Bg7 5. 0-0 0-0 6. d3 Nbd7 7. Be3 c5 8. Qd2 a6 9. Bh6 b5 10. Bd5 Ra7 11. h3 Bb7 12. Bxb7 Rxb7 13. Qe3 Re8 14. a3 b4 15. axb4 cxb4 16. Bxg7 Kxg7 17. Ne2 b3 18. cxb3 Rxb3 19. Rfb1 Qa8 20. Ra3 Nc5 21. Ned4 Reb8 22. Nxb3 Rxb3 23. Rxb3 Nxb3 24. Nd4 Nxd4 25. Qxd4 e5 26. Qb6 Nd7 27. Qc7 Nf8 28. Qxd6 a5 29. Qxe5+ Kg8 30. b3 Qd8 31. Qd5 Qb6 32. Ra1 Qxb3 33. Qxb3 0-1

[Event "Osijek-Baranja op U16 15th"]
[Site "Nasice"]
[Date "2014.01.12"]
[Round "8.5"]
[White "Samac, Luka"]
[Black "Raguz, Frano"]
[Result "1/2-1/2"]
[WhiteElo "1624"]
[BlackElo "1743"]
[PlyCount "98"]
[EventDate "2014.01.10"]
[EventType "swiss"]
[EventRounds "9"]
[EventCountry "CRO"]
[SourceTitle "EXT 2023"]
[Source "ChessBase"]
[SourceDate "2022.10.05"]
[SourceVersion "1"]
[SourceVersionDate "2022.10.05"]
[SourceQuality "1"]

1. e4 e5 2. Nf3 Nc6 3. Nc3 Nf6 4. Bc4 Bc5 5. Ng5 0-0 6. 0-0 h6 7. Nf3 d6 8. d3 Bg4 9. a3 Nd4 10. b4 Bb6 11. Be3 Nxf3+ 12. gxf3 Be6 13. Bxe6 fxe6 14. Bxb6 axb6 15. Qd2 Nh5 16. Ne2 Rxf3 17. Ng3 Nxg3 18. fxg3 Rxf1+ 19. Kxf1 d5 20. exd5 exd5 21. Kg1 e4 22. dxe4 dxe4 23. Qxd8+ Rxd8 24. Re1 Rd2 25. Rxe4 Rxc2 26. Re7 Kf8 27. Rd7 Rc1+ 28. Kg2 Rc2+ 29. Kg1 c5 30. Rxb7 c4 31. Rc7 b5 32. Rc5 c3 33. Kf1 Ke7 34. Ke1 Kd6 35. Kd1 Rxh2 36. Rxc3 Rh1+ 37. Ke2 Rh2+ 38. Kf1 Rh5 39. Kf2 Rf5+ 40. Ke3 g5 41. Ke4 Re5+ 42. Kf3 h5 43. Rd3+ Ke6 44. Rc3 g4+ 45. Kf4 Rf5+ 46. Ke4 Re5+ 47. Kf4 Kd6 48. Rc2 Rd5 49. Rc3 Re5 1/2-1/2

[Event "Osijek-Baranja op U16 15th"]
[Site "Nasice"]
[Date "2014.01.11"]
[Round "6.5"]
[White "Samac, Luka"]
[Black "Kulenovic, Domagoj"]
[Result "1/2-1/2"]
[WhiteElo "1624"]
[BlackElo "1658"]
[PlyCount "42"]
[EventDate "2014.01.10"]
[EventType "swiss"]
[EventRounds "9"]
[EventCountry "CRO"]
[SourceTitle "EXT 2023"]
[Source "ChessBase"]
[SourceDate "2022.10.05"]
[SourceVersion "1"]
[SourceVersionDate "2022.10.05"]
[SourceQuality "1"]

1. e4 e5 2. Nf3 Nc6 3. Bc4 Nf6 4. Ng5 d5 5. exd5 Nxd5 6. Bxd5 Qxg5 7. 0-0 Bc5 8. d3 Bg4 9. Bxg5 Bxd1 10. Rxd1 Nd4 11. Nc3 Nxc2 12. Rac1 h6 13. Bd2 Nd4 14. Nb1 Ne2+ 15. Kf1 Nxc1 16. Rxc1 Bd4 17. Bc3 Bxc3 18. bxc3 0-0 19. d4 exd4 20. cxd4 Rfe8 21. f3 Rad8 1/2-1/2